000 00618nam a2200181Ia 4500
008 090124s9999 xx 000 0 und d
082 _b127486
100 _aपाध्ये भाऊ ( प्रभाकर नारायण )
245 _a वैतागवाडी
250 _a3
260 _c1995
300 _a157
600 _aपाध्ये भाऊ ( प्रभाकर नारायण )
630 _a वैतागवाडी
700 _aपाध्ये भाऊ ( प्रभाकर नारायण )
730 _a वैतागवाडी
942 _cBOOK
999 _c173575
_d173575